[Event "BRA-ch Amateur U2200"]
[Site "Sao Paulo"]
[Date "2018.06.02"]
[Round "5"]
[White "Rodrigues, Leonardo De Miranda"]
[Black "Souza Filho, Namyr Carlos"]
[Result "1-0"]
[WhiteElo "2147"]
[BlackElo "2074"]
[PlyCount "51"]
[EventDate "2018.05.31"]
[EventType "swiss"]
[EventRounds "7"]
[EventCountry "BRA"]
[SourceTitle "EXT 2019"]
[Source "ChessBase"]
[SourceDate "2018.10.10"]
[SourceVersion "1"]
[SourceVersionDate "2018.10.10"]
[SourceQuality "1"]

1. e4 c5 2. Nc3 Nc6 3. f4 d6 4. Bc4 e6 5. Nf3 Nge7 6. Qe2 a6 7. d3 Nd4 8. Nxd4 cxd4 9. Nd1 Nc6 10. a3 Be7 11. 0-0 0-0 12. Nf2 Kh8 13. Nh3 d5 14. Ba2 f5 15. exd5 exd5 16. Re1 Rf6 17. Ng5 h6 18. Bd2 Qg8 19. Qf3 Rd6 20. Bb4 Nxb4 21. Rxe7 hxg5 22. fxg5 Bd7 23. axb4 Rd8 24. Rae1 Bc6 25. Qf4 Qh7 26. Qe5 1-0

[Event "BRA-ch Amateur U2200"]
[Site "Sao Paulo"]
[Date "2018.06.02"]
[Round "6"]
[White "Rodrigues, Tiago Pereira"]
[Black "Souza Filho, Namyr Carlos"]
[Result "0-1"]
[WhiteElo "2182"]
[BlackElo "2074"]
[PlyCount "70"]
[EventDate "2018.05.31"]
[EventType "swiss"]
[EventRounds "7"]
[EventCountry "BRA"]
[SourceTitle "EXT 2019"]
[Source "ChessBase"]
[SourceDate "2018.10.10"]
[SourceVersion "1"]
[SourceVersionDate "2018.10.10"]
[SourceQuality "1"]

1. c4 Nf6 2. d4 e6 3. g3 d5 4. Nf3 Be7 5. Bg2 0-0 6. 0-0 Nbd7 7. Nbd2 c6 8. b3 b6 9. Bb2 Bb7 10. Ne5 Bd6 11. Ndf3 Qe7 12. a4 a5 13. Rc1 c5 14. Nxd7 Qxd7 15. Ne5 Qe7 16. Rc2 Rfd8 17. Qa1 Rac8 18. Rfc1 Bxe5 19. dxe5 Nd7 20. Rd1 Nf8 21. Rcd2 d4 22. Bxb7 Qxb7 23. e3 Qf3 24. exd4 Qxb3 25. dxc5 Rxd2 26. Rxd2 bxc5 27. Bc3 Ra8 28. Rd1 Qxc4 29. Qa3 h5 30. Rc1 Qd5 31. Qb2 h4 32. gxh4 Ng6 33. Qd2 Qe4 34. Qe3 Qxh4 35. Qxc5 Qg5+ 0-1

[Event "Guarapari op"]
[Site "Guarapari"]
[Date "2017.09.10"]
[Round "6"]
[White "Peixoto, Fernando Teodoro Ma"]
[Black "Souza Filho, Namyr Carlos"]
[Result "1/2-1/2"]
[WhiteElo "1590"]
[BlackElo "2099"]
[PlyCount "42"]
[EventDate "2017.09.07"]
[EventType "swiss"]
[EventRounds "6"]
[EventCountry "BRA"]
[SourceTitle "CBM 180 Extra"]
[Source "ChessBase"]
[SourceDate "2017.10.06"]
[SourceVersion "1"]
[SourceVersionDate "2017.10.06"]
[SourceQuality "1"]

1. d4 d5 2. Nf3 e6 3. e3 Nf6 4. Bd3 Be7 5. b3 Nbd7 6. Bb2 c5 7. 0-0 a6 8. Nbd2 b6 9. Ne5 Bb7 10. f4 Ne4 11. f5 exf5 12. Rxf5 Nxe5 13. dxe5 Bg5 14. Qe2 Nxd2 15. Qxd2 d4 16. Qe2 Bxe3+ 17. Kh1 Bc8 18. Rxf7 Kxf7 19. Qf3+ Ke7 20. Qxa8 Be6 21. Qb7+ Bd7 1/2-1/2

[Event "Guarapari Aberta do Estadual"]
[Site "Guarapari"]
[Date "2015.08.29"]
[Round "2.2"]
[White "Torrezani, Eduardo de Moraes"]
[Black "Souza Filho, Namyr Carlos"]
[Result "0-1"]
[WhiteElo "1892"]
[BlackElo "2074"]
[PlyCount "54"]
[EventDate "2015.08.28"]
[EventType "swiss"]
[EventRounds "6"]
[EventCountry "BRA"]
[SourceTitle "EXT 2022"]
[Source "ChessBase"]
[SourceDate "2021.10.06"]
[SourceVersion "1"]
[SourceVersionDate "2021.10.06"]
[SourceQuality "1"]

1. d4 d5 2. Nf3 Nf6 3. c4 e6 4. Nc3 Be7 5. cxd5 Nxd5 6. e4 Nxc3 7. bxc3 c5 8. Bd3 Nc6 9. 0-0 cxd4 10. cxd4 0-0 11. Be3 b6 12. a3 Bb7 13. Qe2 a6 14. Rfd1 b5 15. d5 exd5 16. exd5 Na5 17. Bb6 Qxb6 18. Qxe7 Rad8 19. d6 g6 20. d7 Qe6 21. Qxe6 fxe6 22. Ng5 Bd5 23. Be4 Rxd7 24. Rd3 Nc4 25. Rad1 Nb6 26. Nxe6 Bxe6 27. Rd6 Rfd8 0-1

[Event "Espirito Santo-ch"]
[Site "Vitoria"]
[Date "2014.10.10"]
[Round "2"]
[White "Souza Filho, Namyr Carlos"]
[Black "Peixoto, Helio Ricardo Souti"]
[Result "1/2-1/2"]
[WhiteElo "2111"]
[BlackElo "1898"]
[PlyCount "69"]
[EventDate "2014.10.09"]
[EventType "swiss"]
[EventRounds "6"]
[EventCountry "BRA"]
[SourceTitle "EXT 2022"]
[Source "ChessBase"]
[SourceDate "2021.10.06"]
[SourceVersion "1"]
[SourceVersionDate "2021.10.06"]
[SourceQuality "1"]

1. d4 Nf6 2. Nf3 g6 3. Nbd2 Bg7 4. e4 d6 5. Bd3 0-0 6. 0-0 c5 7. c3 cxd4 8. Nxd4 Nbd7 9. Re1 Qb6 10. h3 Nc5 11. Bf1 Bd7 12. Qf3 Ne6 13. N2b3 Nxd4 14. Nxd4 Bc6 15. Nxc6 Qxc6 16. Bf4 Nd7 17. Be3 Nf6 18. Bf4 Nd7 19. a4 Ne5 20. Qe2 a6 21. Bg5 f6 22. Bf4 f5 23. Bxe5 Bxe5 24. Qc4+ Qxc4 25. Bxc4+ Kg7 26. Bd5 Rab8 27. f4 Bxf4 28. exf5 Be5 29. fxg6 hxg6 30. Rf1 b6 31. Rxf8 Rxf8 32. Bf3 e6 33. Ra3 d5 34. Rb3 Bd6 35. Kf1 1/2-1/2

[Event "Votoria Cup 2nd"]
[Site "Vitoria"]
[Date "2014.03.23"]
[Round "6"]
[White "Souza Filho, Namyr Carlos"]
[Black "Aranha Filho, Alvaro Zimmermann"]
[Result "0-1"]
[WhiteElo "2117"]
[BlackElo "2254"]
[PlyCount "60"]
[EventDate "2014.03.20"]
[EventType "swiss"]
[EventRounds "7"]
[EventCountry "BRA"]
[SourceTitle "CBM 159 Extra"]
[Source "ChessBase"]
[SourceDate "2014.04.24"]
[SourceVersion "1"]
[SourceVersionDate "2014.04.24"]
[SourceQuality "1"]

1. d4 Nf6 2. Nf3 d5 3. c4 c6 4. Nc3 e6 5. cxd5 exd5 6. Bg5 Be7 7. Qc2 0-0 8. e3 Ne4 9. Bxe7 Qxe7 10. Bd3 f5 11. 0-0 Nd7 12. Rae1 Rf6 13. Nd2 Rh6 14. g3 Qg5 15. Bxe4 fxe4 16. f4 Qh5 17. Nb3 Nf6 18. Rf2 Bg4 19. Nd2 Qh3 20. Nf1 Bf3 21. Rxf3 exf3 22. Qf2 Ng4 23. Qxf3 Nxh2 24. Qg2 Nxf1 25. Rxf1 Qf5 26. Qf3 Re8 27. Nd1 Rhe6 28. g4 Rg6 29. Nf2 h5 30. g5 Rxg5+ 0-1

[Event "Vitoria Cup"]
[Site "Vitoria"]
[Date "2013.06.02"]
[Round "7"]
[White "Serafim, Arnor Jr"]
[Black "Souza Filho, Namyr Carlos"]
[Result "1-0"]
[WhiteElo "1841"]
[BlackElo "2139"]
[PlyCount "65"]
[EventDate "2013.05.30"]
[EventType "swiss"]
[EventRounds "7"]
[EventCountry "BRA"]
[SourceTitle "CBM 154 Extra"]
[Source "ChessBase"]
[SourceDate "2013.06.25"]
[SourceVersion "2"]
[SourceVersionDate "2013.06.25"]
[SourceQuality "1"]

1. c4 c6 2. Nf3 Nf6 3. d3 d5 4. b3 dxc4 5. bxc4 Bg4 6. Nbd2 Nbd7 7. Bb2 e6 8. g3 Bc5 9. d4 Bb4 10. Bg2 Qa5 11. 0-0 Qh5 12. a3 Be7 13. Re1 0-0 14. Qc2 Bh3 15. e4 Ng4 16. Rad1 Rac8 17. Qb3 b6 18. d5 exd5 19. exd5 Bc5 20. Ne4 f5 21. Nxc5 Nxc5 22. Qc3 Nf6 23. d6 Na4 24. Qb3 Nxb2 25. Qxb2 Bxg2 26. Kxg2 Ne4 27. d7 Rcd8 28. Qe5 Qf7 29. Qc7 Qxc4 30. Ne5 Qc5 31. Re2 Nc3 32. Rc2 Nb5 33. Qxd8 1-0

[Event "Vitoria Cup"]
[Site "Vitoria"]
[Date "2013.06.01"]
[Round "6"]
[White "Rezende, Guilherme Vilela"]
[Black "Souza Filho, Namyr Carlos"]
[Result "1-0"]
[WhiteElo "2003"]
[BlackElo "2139"]
[PlyCount "59"]
[EventDate "2013.05.30"]
[EventType "swiss"]
[EventRounds "7"]
[EventCountry "BRA"]
[SourceTitle "CBM 154 Extra"]
[Source "ChessBase"]
[SourceDate "2013.06.25"]
[SourceVersion "2"]
[SourceVersionDate "2013.06.25"]
[SourceQuality "1"]

1. d4 Nf6 2. c4 c5 3. d5 b5 4. cxb5 a6 5. bxa6 g6 6. Nc3 Bg7 7. Nf3 0-0 8. e4 d6 9. Be2 Nbd7 10. 0-0 Qa5 11. Bd2 Bxa6 12. a4 Bxe2 13. Qxe2 Rfb8 14. Nb5 Qa6 15. Bc3 Bh6 16. g3 e6 17. dxe6 fxe6 18. e5 dxe5 19. Nxe5 Bg7 20. Rfe1 Nf8 21. Nc7 Qb7 22. Nxa8 Nd5 23. a5 Rxa8 24. a6 Qc7 25. Ba5 Qd6 26. Bc3 Nxc3 27. bxc3 Bxe5 28. Qxe5 Rxa6 29. Rxa6 Qxa6 30. Qxc5 1-0

[Event "Vitoria Cup"]
[Site "Vitoria"]
[Date "2013.06.01"]
[Round "5"]
[White "Souza Filho, Namyr Carlos"]
[Black "Bittencourt, Jorge Humberto M"]
[Result "0-1"]
[WhiteElo "2139"]
[BlackElo "2437"]
[PlyCount "62"]
[EventDate "2013.05.30"]
[EventType "swiss"]
[EventRounds "7"]
[EventCountry "BRA"]
[SourceTitle "CBM 154 Extra"]
[Source "ChessBase"]
[SourceDate "2013.06.25"]
[SourceVersion "2"]
[SourceVersionDate "2013.06.25"]
[SourceQuality "1"]

1. d4 Nf6 2. Nf3 e6 3. g3 b5 4. Bg2 d5 5. Nbd2 c5 6. c3 a5 7. Ne5 Qb6 8. e3 Nbd7 9. Nxd7 Bxd7 10. 0-0 Rc8 11. dxc5 Bxc5 12. e4 Bc6 13. exd5 Bxd5 14. Bxd5 Nxd5 15. Ne4 0-0 16. Qh5 Be7 17. Bg5 Bxg5 18. Nxg5 h6 19. Nf3 b4 20. cxb4 axb4 21. Ne5 Qb5 22. Qf3 Nf6 23. Rae1 Qa4 24. a3 Rc2 25. axb4 Qxb4 26. Nd3 Qb5 27. Ra1 e5 28. Qf5 Rd2 29. Nxe5 Rd5 30. f4 Rd2 31. Rf2 Rxf2 0-1

[Event "Vitoria Cup"]
[Site "Vitoria"]
[Date "2013.05.31"]
[Round "3"]
[White "Souza Filho, Namyr Carlos"]
[Black "Vieira, Paulo Cesar"]
[Result "1-0"]
[WhiteElo "2139"]
[BlackElo "1905"]
[PlyCount "97"]
[EventDate "2013.05.30"]
[EventType "swiss"]
[EventRounds "7"]
[EventCountry "BRA"]
[SourceTitle "CBM 154 Extra"]
[Source "ChessBase"]
[SourceDate "2013.06.25"]
[SourceVersion "2"]
[SourceVersionDate "2013.06.25"]
[SourceQuality "1"]

1. e4 c5 2. Nf3 Nc6 3. Bb5 e6 4. 0-0 Nge7 5. Re1 a6 6. Bf1 d5 7. exd5 Nxd5 8. d4 Be7 9. c4 Nf6 10. Be3 cxd4 11. Nxd4 Bd7 12. Nc3 Nxd4 13. Qxd4 Bc6 14. Qxd8+ Rxd8 15. a3 0-0 16. b4 Ng4 17. Bb6 Rd2 18. Re2 Rxe2 19. Bxe2 Bf6 20. Rc1 Ne5 21. b5 axb5 22. cxb5 Bd5 23. Nxd5 exd5 24. Rd1 Nc4 25. Bc5 Rd8 26. Bb4 b6 27. Kf1 g6 28. Ke1 Nb2 29. Rd2 Na4 30. Rc2 d4 31. Bd3 Nc3 32. Kf1 Nd5 33. Rc6 Kg7 34. Bd6 Ra8 35. g3 Be7 36. Be5+ f6 37. Bxd4 Rxa3 38. Bc4 Nb4 39. Rxb6 Kh6 40. Re6 Bd8 41. b6 Nc2 42. Bb2 Ra8 43. Bd5 Rb8 44. b7 Nb4 45. Bf3 Bc7 46. Bxf6 Nd3 47. h4 Bd8 48. Re8 Bc7 49. Bg5+ 1-0

[Event "Vitoria Cup"]
[Site "Vitoria"]
[Date "2013.05.30"]
[Round "1"]
[White "Souza Filho, Namyr Carlos"]
[Black "Lima, Newton Celio Goncal"]
[Result "1-0"]
[WhiteElo "2139"]
[BlackElo "1977"]
[PlyCount "75"]
[EventDate "2013.05.30"]
[EventType "swiss"]
[EventRounds "7"]
[EventCountry "BRA"]
[SourceTitle "CBM 154 Extra"]
[Source "ChessBase"]
[SourceDate "2013.06.25"]
[SourceVersion "2"]
[SourceVersionDate "2013.06.25"]
[SourceQuality "1"]

1. c4 c6 2. Nc3 d5 3. d4 Nf6 4. Nf3 e6 5. e3 Nbd7 6. Bd3 dxc4 7. Bxc4 b5 8. Bd3 Bb7 9. 0-0 Be7 10. e4 b4 11. e5 bxc3 12. exf6 Bxf6 13. bxc3 0-0 14. Rb1 Qc7 15. Ng5 Bxg5 16. Bxg5 g6 17. Qf3 f6 18. Bh6 Rf7 19. Rfe1 Re8 20. Bc4 Rfe7 21. Bf4 Qc8 22. Bd6 Nb6 23. Rxb6 axb6 24. Qxf6 Rf7 25. Rxe6 Rxe6 26. Bxe6 Qe8 27. Be5 Kf8 28. Qh8+ Ke7 29. Bd6+ Kd8 30. Qe5 Re7 31. Qf6 Ba6 32. h4 Bb5 33. Kh2 Bd3 34. Kg3 b5 35. Kf4 Bc4 36. Qxe7+ Qxe7 37. Bxe7+ Kxe7 38. Bxc4 1-0

[Event "BRA-ch sf-A"]
[Site "Guarapari"]
[Date "2012.11.03"]
[Round "6"]
[White "Lucena, Lincoln"]
[Black "Souza Filho, Namyr Carlos"]
[Result "0-1"]
[WhiteElo "2153"]
[BlackElo "2132"]
[PlyCount "86"]
[EventDate "2012.11.01"]
[EventType "swiss"]
[EventRounds "7"]
[EventCountry "BRA"]
[SourceTitle "EXT 2013"]
[Source "ChessBase"]
[SourceDate "2012.11.22"]
[SourceVersion "1"]
[SourceVersionDate "2012.11.22"]
[SourceQuality "1"]

1. c4 Nf6 2. g3 c6 3. Bg2 d5 4. Nf3 e6 5. 0-0 Be7 6. Qc2 0-0 7. d4 dxc4 8. e4 b5 9. Rd1 Bb7 10. Ne5 Nfd7 11. Nxd7 Nxd7 12. Nc3 Qb6 13. Be3 Rfd8 14. a4 a5 15. e5 b4 16. Ne4 Qa6 17. Bf1 c5 18. b3 cxb3 19. Qxb3 Qc6 20. Bg2 Kh8 21. Rac1 Rac8 22. Bf3 c4 23. Qb1 Qa6 24. h4 h6 25. Be2 Bd5 26. Kh2 Qc6 27. Nd2 Nb6 28. Qa1 Qxa4 29. Qxa4 Nxa4 30. Bxc4 Nb2 31. Ba6 Nxd1 32. Bxc8 Nxe3 33. fxe3 a4 34. Ba6 b3 35. e4 b2 36. Rb1 a3 37. exd5 a2 38. d6 Bxd6 39. exd6 a1Q 40. Bd3 Rxd6 41. Bc2 Rc6 42. Be4 Rc1 43. Kg2 Rd1 0-1

[Event "Estadual-ch"]
[Site "Vitoria"]
[Date "2011.10.08"]
[Round "1.2"]
[White "Souza Filho, Namyr Carlos"]
[Black "Osorio, Jose Eustaquio Hate"]
[Result "1-0"]
[WhiteElo "2128"]
[BlackElo "1951"]
[PlyCount "75"]
[EventDate "2011.10.08"]
[EventType "swiss"]
[EventRounds "5"]
[EventCountry "BRA"]
[SourceTitle "EXT 2022"]
[Source "ChessBase"]
[SourceDate "2021.10.06"]
[SourceVersion "1"]
[SourceVersionDate "2021.10.06"]
[SourceQuality "1"]

1. Nf3 d6 2. g3 e5 3. Bg2 f5 4. d3 Nf6 5. c4 Na6 6. a3 c6 7. Nc3 Be7 8. 0-0 0-0 9. b4 Nc7 10. Rb1 Qe8 11. Bg5 h6 12. Bxf6 Bxf6 13. e3 e4 14. Nd4 d5 15. cxd5 cxd5 16. Nxd5 Nxd5 17. dxe4 fxe4 18. Qb3 Qf7 19. f3 Bxd4 20. exd4 Bf5 21. g4 Bg6 22. fxe4 Qd7 23. Rxf8+ Rxf8 24. Re1 Qxg4 25. Qxd5+ Kh8 26. Qb3 Qd7 27. d5 Re8 28. e5 Qg4 29. e6 Bf5 30. Qg3 Qd4+ 31. Qe3 Qh4 32. Qe5 Qg5 33. Rf1 Bxe6 34. dxe6 Rxe6 35. Qb8+ Kh7 36. Qxb7 Rg6 37. Kh1 Qe3 38. Qe4 1-0

[Event "Estadual-ch"]
[Site "Vitoria"]
[Date "2011.10.08"]
[Round "3.3"]
[White "Souza Filho, Namyr Carlos"]
[Black "Silva, Luiz Carlos Dutra"]
[Result "1-0"]
[WhiteElo "2128"]
[BlackElo "1872"]
[PlyCount "51"]
[EventDate "2011.10.08"]
[EventType "swiss"]
[EventRounds "5"]
[EventCountry "BRA"]
[SourceTitle "EXT 2022"]
[Source "ChessBase"]
[SourceDate "2021.10.06"]
[SourceVersion "1"]
[SourceVersionDate "2021.10.06"]
[SourceQuality "1"]

1. e4 e5 2. Nf3 d6 3. d4 exd4 4. Qxd4 Bd7 5. c4 Nc6 6. Qd2 Nf6 7. Nc3 Ng4 8. Be2 Be6 9. b3 a6 10. Bb2 Nge5 11. 0-0 Be7 12. Ne1 f6 13. f4 Nd7 14. Nc2 f5 15. exf5 Bxf5 16. Ne3 Bg6 17. Ncd5 0-0 18. Nxe7+ Nxe7 19. Qd4 Rf7 20. f5 Nxf5 21. Nxf5 Ne5 22. Ne3 Re7 23. Nd5 Re6 24. Nf4 Rf6 25. Nxg6 Rxg6 26. Qd5+ 1-0

[Event "Guarapari CEAX 4th"]
[Site "Guarapari"]
[Date "2011.07.16"]
[Round "2.1"]
[White "Souza Filho, Namyr Carlos"]
[Black "Abelha, Mozart Rosa"]
[Result "1/2-1/2"]
[WhiteElo "2128"]
[BlackElo "2018"]
[PlyCount "34"]
[EventDate "2011.07.16"]
[EventType "swiss"]
[EventRounds "5"]
[EventCountry "BRA"]
[SourceTitle "EXT 2022"]
[Source "ChessBase"]
[SourceDate "2021.10.06"]
[SourceVersion "1"]
[SourceVersionDate "2021.10.06"]
[SourceQuality "1"]

1. e4 c5 2. Nc3 Nc6 3. g3 g6 4. Bg2 Bg7 5. d3 d6 6. Be3 Nf6 7. h3 0-0 8. Nge2 Bd7 9. 0-0 h5 10. f4 Qc8 11. Kh2 h4 12. Qd2 hxg3+ 13. Nxg3 Nd4 14. Nd5 Nxd5 15. exd5 Nf5 16. Nxf5 Bxf5 17. c3 Bf6 1/2-1/2

[Event "Guarapari CEAX 4th"]
[Site "Guarapari"]
[Date "2011.07.16"]
[Round "3.2"]
[White "Stein, Adriano Baldo"]
[Black "Souza Filho, Namyr Carlos"]
[Result "0-1"]
[WhiteElo "1879"]
[BlackElo "2128"]
[PlyCount "42"]
[EventDate "2011.07.16"]
[EventType "swiss"]
[EventRounds "5"]
[EventCountry "BRA"]
[SourceTitle "EXT 2022"]
[Source "ChessBase"]
[SourceDate "2021.10.06"]
[SourceVersion "1"]
[SourceVersionDate "2021.10.06"]
[SourceQuality "1"]

1. e4 c5 2. Nf3 Nc6 3. Bc4 e6 4. 0-0 Nf6 5. Re1 Qc7 6. c3 Be7 7. d4 d5 8. exd5 exd5 9. Bb3 0-0 10. h3 Bf5 11. Nbd2 Rfe8 12. Nf1 cxd4 13. Nxd4 Nxd4 14. Qxd4 Bc5 15. Qd1 Rxe1 16. Qxe1 d4 17. cxd4 Bxd4 18. Qe2 Re8 19. Be3 a6 20. Rd1 Be5 21. Rc1 Qxc1 0-1

[Event "Vila Velha CEAX 1st"]
[Site "Vila Velha"]
[Date "2011.02.26"]
[Round "3.2"]
[White "Souza Filho, Namyr Carlos"]
[Black "Cunha e Silva, Carlos Alberto V"]
[Result "1/2-1/2"]
[WhiteElo "2123"]
[BlackElo "2042"]
[PlyCount "27"]
[EventDate "2011.02.26"]
[EventType "swiss"]
[EventRounds "5"]
[EventCountry "BRA"]
[SourceTitle "EXT 2022"]
[Source "ChessBase"]
[SourceDate "2021.10.06"]
[SourceVersion "1"]
[SourceVersionDate "2021.10.06"]
[SourceQuality "1"]

1. e4 c6 2. d4 d5 3. Nc3 dxe4 4. Nxe4 Bf5 5. Ng3 Bg6 6. Nf3 h6 7. h4 Nd7 8. h5 Bh7 9. Bd3 Bxd3 10. Qxd3 e6 11. Bd2 Ngf6 12. 0-0-0 Bd6 13. Ne4 Nxe4 14. Qxe4 1/2-1/2

[Event "Vila Velha CEAX 1st"]
[Site "Vila Velha"]
[Date "2011.02.26"]
[Round "1.2"]
[White "Souza Filho, Namyr Carlos"]
[Black "Silva, Luiz Carlos Dutra"]
[Result "1-0"]
[WhiteElo "2123"]
[BlackElo "1847"]
[PlyCount "53"]
[EventDate "2011.02.26"]
[EventType "swiss"]
[EventRounds "5"]
[EventCountry "BRA"]
[SourceTitle "EXT 2022"]
[Source "ChessBase"]
[SourceDate "2021.10.06"]
[SourceVersion "1"]
[SourceVersionDate "2021.10.06"]
[SourceQuality "1"]

1. Nf3 e6 2. g3 d5 3. d4 c5 4. Bg2 Nc6 5. 0-0 Qb6 6. c4 Nf6 7. cxd5 exd5 8. dxc5 Bxc5 9. Nc3 Be6 10. Na4 Qb5 11. Nxc5 Qxc5 12. Be3 Qb5 13. Nd4 Nxd4 14. Bxd4 Ke7 15. a4 Qa6 16. Qc1 Rhc8 17. Qg5 Kf8 18. Bxf6 gxf6 19. Qxf6 Qc6 20. Qh8+ Ke7 21. Qxh7 Rh8 22. Qd3 Rad8 23. Rfc1 Qd7 24. Qd4 Bh3 25. Bf3 b6 26. Rc3 Qe6 27. Re3 1-0

[Event "Estadual-ch"]
[Site "Vitoria"]
[Date "2009.11.28"]
[Round "4.1"]
[White "Souza Filho, Namyr Carlos"]
[Black "Bittencourt, Jorge Humberto M"]
[Result "1/2-1/2"]
[WhiteElo "2123"]
[BlackElo "2454"]
[PlyCount "45"]
[EventDate "2009.11.20"]
[EventType "swiss"]
[EventRounds "7"]
[EventCountry "BRA"]
[SourceTitle "EXT 2022"]
[Source "ChessBase"]
[SourceDate "2021.10.06"]
[SourceVersion "1"]
[SourceVersionDate "2021.10.06"]
[SourceQuality "1"]

1. e4 e6 2. d4 d5 3. Nc3 Bb4 4. e5 c5 5. a3 Bxc3+ 6. bxc3 Ne7 7. Qg4 Qc7 8. Qxg7 Rg8 9. Qxh7 cxd4 10. Ne2 Nbc6 11. f4 dxc3 12. Qd3 Nf5 13. Rb1 Bd7 14. Qxc3 Rc8 15. g3 d4 16. Qd3 Nce7 17. Rb2 Bc6 18. Rg1 Rh8 19. h3 Rd8 20. g4 Nh4 21. Rg3 a6 22. Bd2 Rd7 23. c4 1/2-1/2

[Event "Estadual-ch"]
[Site "Vitoria"]
[Date "2009.11.28"]
[Round "7.4"]
[White "Souza Filho, Namyr Carlos"]
[Black "Brito, Gabriela Aguiar"]
[Result "1-0"]
[WhiteElo "2123"]
[BlackElo "1868"]
[PlyCount "45"]
[EventDate "2009.11.20"]
[EventType "swiss"]
[EventRounds "7"]
[EventCountry "BRA"]
[SourceTitle "EXT 2022"]
[Source "ChessBase"]
[SourceDate "2021.10.06"]
[SourceVersion "1"]
[SourceVersionDate "2021.10.06"]
[SourceQuality "1"]

1. d4 c5 2. e3 e6 3. Nf3 Nf6 4. Bd3 d5 5. b3 cxd4 6. exd4 Bd6 7. Nbd2 Nc6 8. Bb2 Qc7 9. c4 0-0 10. 0-0 b6 11. Rc1 Bf4 12. cxd5 Nxd5 13. Ne5 Bxe5 14. dxe5 Bb7 15. Qg4 Qe7 16. Ne4 Kh8 17. g3 Ncb4 18. Bb1 Rac8 19. Qh5 a5 20. Rc4 Rfd8 21. Qxh7+ Kxh7 22. Nf6+ Kh6 23. Rh4+ 1-0